Ultimate Fictional Dogs Click Quiz #1 - Statistics

General Stats
  • This quiz has been taken 33 times
  • The average score is 8 of 15
Answer Stats
Hint Answer % Correct
Toto The Wizard of Oz
96%
Slinky Toy Story
88%
Santas Little Helper The Simpsons
83%
Dug Up
75%
Perdita 101 Dalmatians
63%
Copper Fox and the Hound
63%
Frank Men in Black
46%
Percy Pocahontas
42%
Fly Babe
33%
Chance Homeward Bound
33%
Dodger Oliver and Company
33%
Duke Secret Life of Pets
33%
Ambrosius Labyrinth
29%
Bull's-eye Oliver Twist
29%
Lou Cats and Dogs
21%
No matching quizzes found
Score Distribution
Percent of People with Each Score
Percentile by Number Answered
Your Score History
You have not taken this quiz